[Event "FRA-ch Railways-B"]
[Site "Soulac sur Mer"]
[Date "2015.05.26"]
[Round "3"]
[White "Fernandez, Fabrice"]
[Black "Garcia, Jean Marc"]
[Result "0-1"]
[WhiteElo "1936"]
[BlackElo "1894"]
[PlyCount "78"]
[EventDate "2015.05.26"]
[EventType "swiss"]
[EventRounds "7"]
[EventCountry "FRA"]
[SourceTitle "EXT 2016"]
[Source "ChessBase"]
[SourceDate "2015.10.08"]
[SourceVersion "1"]
[SourceVersionDate "2015.10.08"]
[SourceQuality "1"]

1. e4 e6 2. d4 d5 3. Nc3 Bb4 4. e5 Ne7 5. a3 Bxc3+ 6. bxc3 c5 7. Nf3 Qa5 8. Bd2 b6 9. a4 c4 10. h4 h6 11. g4 Nbc6 12. Rg1 Bd7 13. h5 f6 14. Qe2 0-0-0 15. Bh3 Kb7 16. Kf1 Rde8 17. Kg2 Ka8 18. Rge1 Nd8 19. Kh2 Nec6 20. Bg2 Nf7 21. Reb1 Qa6 22. Bf4 Ng5 23. Nxg5 fxg5 24. Bg3 Ref8 25. Qd2 Be8 26. Qc1 g6 27. Qa3 gxh5 28. gxh5 Bxh5 29. Qd6 Qc8 30. Rb5 Rd8 31. Qa3 Bg6 32. Qb2 Qc7 33. Qa2 h5 34. f4 h4 35. Bf2 g4 36. a5 g3+ 37. Kg1 gxf2+ 38. Kxf2 Nxa5 39. Qa4 Be8 0-1

[Event "FRA-ch Railways-B"]
[Site "Soulac sur Mer"]
[Date "2015.05.26"]
[Round "1"]
[White "Fernandez, Fabrice"]
[Black "Gillet, Richard"]
[Result "1/2-1/2"]
[WhiteElo "1936"]
[BlackElo "2021"]
[PlyCount "32"]
[EventDate "2015.05.26"]
[EventType "swiss"]
[EventRounds "7"]
[EventCountry "FRA"]
[SourceTitle "EXT 2016"]
[Source "ChessBase"]
[SourceDate "2015.10.08"]
[SourceVersion "1"]
[SourceVersionDate "2015.10.08"]
[SourceQuality "1"]

1. e4 c5 2. Nf3 d6 3. c3 Nf6 4. Be2 e6 5. 0-0 Nc6 6. d3 Be7 7. Nbd2 e5 8. h3 d5 9. d4 exd4 10. exd5 Qxd5 11. Bc4 Qd6 12. cxd4 cxd4 13. Nb3 0-0 14. Nbxd4 Rd8 15. Be3 Nxd4 16. Nxd4 Qb4 1/2-1/2

[Event "FRA-ch Railways-B"]
[Site "Soulac sur Mer"]
[Date "2015.05.26"]
[Round "2"]
[White "Holler, Christophe"]
[Black "Fernandez, Fabrice"]
[Result "1-0"]
[WhiteElo "1863"]
[BlackElo "1936"]
[PlyCount "61"]
[EventDate "2015.05.26"]
[EventType "swiss"]
[EventRounds "7"]
[EventCountry "FRA"]
[SourceTitle "EXT 2016"]
[Source "ChessBase"]
[SourceDate "2015.10.08"]
[SourceVersion "1"]
[SourceVersionDate "2015.10.08"]
[SourceQuality "1"]

1. e4 e5 2. Nf3 Nf6 3. Nxe5 d6 4. Nf3 Nxe4 5. d4 d5 6. Bd3 Nc6 7. 0-0 Be7 8. Re1 Bf5 9. Nbd2 Nxd2 10. Qxd2 Bxd3 11. Qxd3 0-0 12. Bd2 Qd7 13. Re2 Bf6 14. Rae1 Rfe8 15. c3 a6 16. h3 h6 17. Bf4 Rxe2 18. Rxe2 Rc8 19. Bg3 Ne7 20. Be5 Bxe5 21. Nxe5 Qf5 22. Qxf5 Nxf5 23. Nd3 Nd6 24. Nc5 f6 25. Re7 b6 26. Nxa6 c5 27. dxc5 bxc5 28. Rd7 Nc4 29. b3 Nb6 30. Rd6 d4 31. cxd4 1-0

[Event "France Railways-ch"]
[Site "Montdidier"]
[Date "2014.09.01"]
[Round "3"]
[White "Faure, Stephane"]
[Black "Fernandez, Fabrice"]
[Result "1/2-1/2"]
[WhiteElo "2070"]
[BlackElo "1956"]
[PlyCount "68"]
[EventDate "2014.09.??"]
[EventType "swiss"]
[EventRounds "5"]
[EventCountry "FRA"]
[SourceTitle "EXT 2015"]
[Source "ChessBase"]
[SourceDate "2014.11.20"]
[SourceVersion "1"]
[SourceVersionDate "2014.11.20"]
[SourceQuality "1"]

1. e4 e5 2. Nf3 Nf6 3. Nc3 Nc6 4. d4 Bb4 5. d5 Ne7 6. Qd3 Ng6 7. h4 Bxc3+ 8. bxc3 d6 9. g3 h6 10. h5 Nf8 11. Be2 N8d7 12. Ba3 Nb6 13. Nh4 Bd7 14. 0-0-0 a6 15. f4 Qe7 16. Rhe1 0-0-0 17. Nf3 Bb5 18. Qe3 Bxe2 19. Qxe2 Qd7 20. fxe5 Qa4 21. exf6 Qxa3+ 22. Kd2 gxf6 23. Rb1 Rhe8 24. Nd4 Qc5 25. Rxb6 Qxb6 26. Nf5 Rh8 27. Qe3 Qxe3+ 28. Kxe3 Rde8 29. Kd4 Re5 30. g4 Kd7 31. c4 Ree8 32. Rf1 Re5 33. Re1 Ree8 34. Rf1 Re5 1/2-1/2